Antenna engineering : (Record no. 10640)
[ view plain ]
| 000 -LEADER | |
|---|---|
| fixed length control field | 00981cam a22002655a 4500 |
| 001 - CONTROL NUMBER | |
| control field | 14845430 |
| 005 - DATE AND TIME OF LATEST TRANSACTION | |
| control field | 20171120143815.0 |
| 008 - FIXED-LENGTH DATA ELEMENTS--GENERAL INFORMATION | |
| fixed length control field | 070510t2007 xxua frbf 001 0 eng d |
| 020 ## - INTERNATIONAL STANDARD BOOK NUMBER | |
| International Standard Book Number | 0071475745 |
| 020 ## - INTERNATIONAL STANDARD BOOK NUMBER | |
| International Standard Book Number | 9780071475747 |
| 040 ## - CATALOGING SOURCE | |
| Original cataloging agency | EG-ScBUE |
| Language of cataloging | eng |
| Transcribing agency | EG-ScBUE |
| Modifying agency | EG-ScBUE |
| 082 04 - DEWEY DECIMAL CLASSIFICATION NUMBER | |
| Classification number | 621.3824 |
| Edition number | 22 |
| Item number | ANT |
| 245 00 - TITLE STATEMENT | |
| Title | Antenna engineering : |
| Remainder of title | handbook / |
| Statement of responsibility, etc | [edited by] John L. Volakis. |
| 250 ## - EDITION STATEMENT | |
| Edition statement | 4th ed. |
| 260 ## - PUBLICATION, DISTRIBUTION, ETC. (IMPRINT) | |
| Place of publication, distribution, etc | New York : |
| Name of publisher, distributor, etc | McGraw-Hill, |
| Date of publication, distribution, etc | c.2007. |
| 300 ## - PHYSICAL DESCRIPTION | |
| Extent | 1 v. [Various pagings] : |
| Other physical details | ill. (col.) ; |
| Dimensions | 23 cm. |
| 500 ## - GENERAL NOTE | |
| General note | Includes index. |
| 500 ## - GENERAL NOTE | |
| General note | Richard C. Johnson (editor of second and third editions) |
| 500 ## - GENERAL NOTE | |
| General note | Henry Jasik (editor of first editions) |
| 504 ## - BIBLIOGRAPHY, ETC. NOTE | |
| Bibliography, etc | Includes bibliographical references. |
| 650 #7 - SUBJECT ADDED ENTRY--TOPICAL TERM | |
| Topical term or geographic name as entry element | Antennas (Electronics) |
| Form subdivision | Handbooks, manuals, etc. |
| 9 (RLIN) | 31199 |
| Source of heading or term | BUEsh |
| 653 ## - INDEX TERM--UNCONTROLLED | |
| Resource For college | Engineering, General |
| Arrived date list | October2012 |
| -- | January2014 |
| -- | November2017 |
| 700 1# - ADDED ENTRY--PERSONAL NAME | |
| Personal name | Volakis, John Leonidas, |
| Dates associated with a name | 1956- |
| 9 (RLIN) | 31200 |
| Relator term | editor. |
| 942 ## - ADDED ENTRY ELEMENTS (KOHA) | |
| Source of classification or shelving scheme | Dewey Decimal Classification |
| Item type | Reference (NB) |
| Call number prefix | 621.3824 ANT |
| Withdrawn status | Item status | Source of classification or shelving scheme | Damaged status | Not for loan | Vendor | Home library | Current library | Shelving location | Date acquired | Source of acquisition | Cost, normal purchase price | Serial Enumeration / chronology | Total Checkouts | Full call number | Barcode | Date last seen | Koha item type | Total Renewals | Date last borrowed |
|---|---|---|---|---|---|---|---|---|---|---|---|---|---|---|---|---|---|---|---|
| Dewey Decimal Classification | Alahram | Central Library | Central Library | Ground Floor | 03/02/2009 | 1093.80 | 6489 | 621.3824 ANT | 000014483 | 15/07/2025 | Reference (NB) | ||||||||
| Dewey Decimal Classification | Baccah | Central Library | Central Library | First floor | 18/10/2012 | 420.00 | 12 | 1 | 621.3824 ANT | 000027726 | 15/07/2025 | Reference (NB) | 25 | 05/11/2012 | |||||
| Dewey Decimal Classification | Central Library | Central Library | First floor | 20/11/2017 | Purchase | 621.3824 ANT | 000035398 | 15/07/2025 | Reference (NB) |